MARC

LEADER 00000nam0a2200000 4500
001 193156
005 20231031181728.0
035 |a (RuTPU)RU\TPU\book\210663 
090 |a 193156 
100 |a 20110318d1931 m y0rusy50 ca 
101 1 |a rus  |c ger 
102 |a RU 
105 |a a z 001zy 
200 1 |a Мощность электрической печи трехфазного тока  |e пер. с нем.  |f И. Вочке 
210 |a Ленинград  |c Ленинградская правда  |d 1931 
215 |a 87 с.  |c ил. 
320 |a Библиогр.: с. 87. 
610 1 |a электрические печи 
610 1 |a мощность 
610 1 |a трехфазный ток 
610 1 |a коэффициент мощности 
610 1 |a электрическая энергия 
610 1 |a диаграммы 
610 1 |a предельные значения 
610 1 |a мертвые фазы 
610 1 |a номограммы 
675 |a 621.365  |v 3 
700 1 |a Вочке  |b И. 
801 1 |a RU  |b 63413507  |c 20110318 
801 2 |a RU  |b 63413507  |c 20180306  |g RCR 
942 |c BK